[Event "POL-ch U15 Qual"]
[Site "Jastrzebia Gora"]
[Date "2021.11.20"]
[Round "8"]
[White "Fojcik, Kacper"]
[Black "Halhoul, Adam"]
[Result "1/2-1/2"]
[WhiteElo "1345"]
[BlackElo "1777"]
[PlyCount "66"]
[EventDate "2021.11.15"]
[EventType "swiss"]
[EventRounds "9"]
[EventCountry "POL"]
[SourceTitle "EXT 2023"]
[Source "ChessBase"]
[SourceDate "2022.10.05"]
[SourceVersion "1"]
[SourceVersionDate "2022.10.05"]
[SourceQuality "1"]

1. d4 d5 2. Nf3 e6 3. g3 Bd6 4. Bg2 Nf6 5. 0-0 0-0 6. c4 c6 7. Qc2 Nbd7 8. Nbd2 Qc7 9. e4 dxe4 10. Nxe4 Nxe4 11. Qxe4 Nf6 12. Qc2 b6 13. b3 Bb7 14. Bb2 Rad8 15. Rad1 Be7 16. Ne5 Nd7 17. Nxd7 Rxd7 18. Rd2 Rfd8 19. Rfd1 Bg5 20. Rd3 Bf6 21. R1d2 h6 22. Qd1 Bg5 23. f4 Be7 24. Bc3 Bf6 25. Ba1 Rd6 26. Be4 c5 27. d5 Bxa1 28. Qxa1 exd5 29. Bxd5 Bxd5 30. Rxd5 Rxd5 31. Rxd5 Re8 32. Qd1 Re3 33. Qd2 Re7 1/2-1/2